000 00637nam a2200217Ia 4500
003 GCL
008 140319s9999 xx 000 0 ara d
040 _aGCL /
_cGCL
082 0 4 _a805
_bا ك
100 1 _aاحمد حمروش
245 1 0 _aالكاتب: العدد 28 /
_cاحمد حمروش
300 _a194 ص
490 _aالهيئة العامة للاستعلامات
_v0
650 0 4 _aالشعر العربى
650 0 4 _aالادب العربى
650 0 4 _aالقصص العربية
650 0 4 _aدوريات
650 0 4 _aالادب - مقالات ومحاضرات
650 0 4 _aمقالات
942 _2ddc
_cBK
999 _c50943
_d50943